=LDR 00000nam 2200000 4500 =001 INLIS000000000046595 =005 20150413152819.0 =006 =007 =008 =035 ##$$0010-041500000000077 =082 ##$$a 813 =090 ##$$a 8130GER G =100 ##$$a TIM NUANSA =245 ##$$a GERINDA =260 ##$$a NUANSA =300 ##$$a HLM/ 48 =850 ##$$a NPBMAT